| 000 | 01166pam a2200289 a 4500 | ||
|---|---|---|---|
| 001 | 598562 | ||
| 005 | 19920319145813.4 | ||
| 008 | 910703s1991 enka b 001 0 eng | ||
| 010 | _a91027538 | ||
| 020 |
_a0750610751 _c50.00 |
||
| 040 |
_aDLC _cDLC _dDLC |
||
| 050 | 0 | 0 |
_aTH438 _b.C636 1991 |
| 082 | 0 | 0 |
_a624.068 _220 _bCOM |
| 245 | 0 | 0 |
_aCompetitive Advantage in Construction / _cedited by Steven Male and Robert Stocks ; with specialist contributors. |
| 260 |
_aOxford ; _aBoston : _bButterworth Heinemann, _cc1991. |
||
| 300 |
_axvi, 479 p. : _bill. ; _c25 cm. |
||
| 504 | _aIncludes bibliographical references and index. | ||
| 650 | 0 |
_aConstruction industry _xManagement. _97308 |
|
| 650 | 0 |
_aStrategic planning. _97309 |
|
| 650 | 0 |
_aOrganizational effectiveness. _97310 |
|
| 650 | 0 |
_aCompetition. _97311 |
|
| 700 | 1 |
_aMale, Steven. _97312 |
|
| 700 | 1 |
_aStocks, Robert. _97313 |
|
| 942 |
_2ddc _cBB |
||
| 999 |
_c12137 _d12137 |
||